| 000 | 01539cam a2200337 a 4500 | ||
|---|---|---|---|
| 001 | 15180649 | ||
| 003 | ARRUPE | ||
| 005 | 20131203185738.0 | ||
| 008 | 080214s2008 mnu b 001 0 eng | ||
| 010 | _a 2008005837 | ||
| 020 | _a9780814659632 | ||
| 020 | _a0814659632 | ||
| 035 | _a(OCoLC)ocn196301370 | ||
| 035 | _a(OCoLC)196301370 | ||
| 040 |
_aDLC _cDLC _dBTCTA _dYDXCP _dBAKER _dC#P _dDLC |
||
| 050 | 0 | 0 |
_aBS2655.M47 _bC65 2008 |
| 082 | 0 | 0 |
_a227/.066 _222 |
| 100 | 1 |
_aCollins, Raymond F., _d1935- _95020 |
|
| 245 | 1 | 4 |
_aThe power of images in Paul / _cRaymond F. Collins. |
| 260 |
_aCollegeville, Minn. : _bLiturgical Press, _cc2008. |
||
| 300 |
_axv, 307 p. ; _c23 cm. |
||
| 500 | _a"A Michael Glazier book." | ||
| 504 | _aIncludes bibliographical references (p. 264-271) and indexes. | ||
| 505 | 0 | _aThe role of metaphor in Hellenistic rhetoric -- The first letter to the Thessalonians -- The letter to the Philippians -- The letter to Philemon -- The letter to the Galatians -- The first letter to the Corinthians -- The second letter to the Corinthians -- The letter to the Romans -- Paul's use of metaphor. | |
| 630 | 0 | 0 |
_aBible. _pEpistles of Paul _xCriticism, interpretation, etc. _95021 |
| 650 | 0 |
_aMetaphor in the Bible. _95022 |
|
| 856 | 4 | 1 |
_3Table of contents only _uhttp://www.loc.gov/catdir/toc/ecip0811/2008005837.html |
| 906 |
_a7 _bcbc _corignew _d1 _eecip _f20 _gy-gencatlg |
||
| 942 |
_2lcc _cMONOGRAPH |
||
| 999 |
_c119045 _d119045 |
||